All Premier League Goalkeepers 23/24 - Statistics

General Stats
  • This quiz has been taken 65 times
  • The average score is 32 of 67
Answer Stats
Club Nation # Answer % Correct
Aston Villa Argentina 1 Emiliano Martinez
97%
Arsenal Spain 22 David Raya
93%
Man City Brazil 31 Ederson
93%
Arsenal England 1 Aaron Ramsdale
91%
Liverpool Brazil 1 Alisson
91%
Man United Cameroon 24 Andre Onana
90%
Everton England 1 Jordan Pickford
90%
Wolves Portugal 1 Jose Sa
84%
Newcastle England 22 Nick Pope
84%
Chelsea Spain 1 Robert Sanchez
83%
Fulham Germany 17 Bernd Leno
81%
Spurs Italy 13 Guglielmo Vicario
81%
Man City Germany 18 Stefan Ortega
79%
West Ham France 23 Alphonse Areola
78%
Liverpool Ireland 62 Caoimhin Kelleher
78%
Newcastle Slovakia 1 Martin Dubravka
78%
Crystal Palace England 30 Dean Henderson
71%
West Ham Poland 1 Lukasz Fabianski
69%
Chelsea Serbia 28 Djordje Petrovic
67%
Bournemouth Brazil 1 Neto
67%
Aston Villa Sweden 25 Robin Olsen
66%
Brentford Netherlands 1 Mark Flekken
64%
Nottingham USA 1 Matt Turner
64%
Liverpool Spain 13 Adrian
62%
Brighton Netherlands 1 Bart Verbruggen
62%
Burnley England 1 James Trafford
62%
Man United Turkey 1 Altay Bayindir
60%
Man City England 33 Scott Carson
59%
Burnley Kosovo 49 Arijanet Muric
57%
Crystal Palace England 1 Sam Johnstone
55%
Newcastle Germany 18 Loris Karius
53%
Nottingham Belgium 26 Matz Sels
53%
Man United England 22 Tom Heaton
53%
Luton Town Belgium 24 Thomas Kaminski
52%
Brighton England 23 Jason Steele
50%
Bournemouth England 42 Mark Travers
48%
Spurs England 20 Fraser Forster
47%
Nottingham Greece 23 Odysseas Vlachodimos
41%
Sheffield England 18 Wes Foderingham
41%
Brentford Albania 21 Thomas Strakosha
40%
Nottingham Wales 13 Wayne Hennessey
40%
Arsenal Estonia 31 Karl Hein
38%
Bournemouth Romania 20 Ionut Radu
36%
Everton Portugal 12 Joao Virginia
36%
Luton Town Netherlands 23 Tim Krul
36%
Chelsea England 13 Marcus Bettinelli
33%
Sheffield Croatia 13 Ivo Grbic
29%
Fulham Slovakia 1 Marek Rodak
28%
Bournemouth Ireland 12 Darren Randolph
26%
Spurs England 40 Brandon Austin
21%
Wolves England 25 Daniel Bentley
17%
Spurs England 41 Alfie Whiteman
16%
Aston Villa Australia 18 Joe Gauci
16%
Sheffield Wales 1 Adam Davies
12%
Crystal Palace England 41 Joe Whitworth
12%
Newcastle England 29 Mark Gillespie
12%
Wolves Wales 40 Tom King
12%
Luton Town England 1 James Shea
10%
Everton England 31 Andy Lonergan
9%
Crystal Palace England 31 Remi Matthews
9%
Fulham Germany 23 Steven Benda
9%
Brighton Canada 38 Tom McGill
9%
West Ham England 49 Joseph Anang
7%
Brentford Iceland 31 Hakon Valdimarsson
5%
Sheffield Ghana 37 Jordan Amissah
5%
Burnley Chile 29 Lawrence Vigouroux
5%
Brentford England 40 Ellery Balcombe
3%
No matching quizzes found
Score Distribution
Percent of People with Each Score
Percentile by Number Answered
Your Score History
You have not taken this quiz